<?xml version="1.0" encoding="UTF-8"?>
<record
    xmlns:xsi="http://www.w3.org/2001/XMLSchema-instance"
    xsi:schemaLocation="http://www.loc.gov/MARC21/slim http://www.loc.gov/standards/marcxml/schema/MARC21slim.xsd"
    xmlns="http://www.loc.gov/MARC21/slim">

  <leader>10921nam a2200469 i 4500</leader>
  <controlfield tag="001">000037888</controlfield>
  <controlfield tag="003">DO-SdBNP</controlfield>
  <controlfield tag="005">20260303090148.0</controlfield>
  <controlfield tag="007">ta</controlfield>
  <controlfield tag="008">130308s2012    dr      r     001 0 spa d</controlfield>
  <datafield tag="020" ind1=" " ind2=" ">
    <subfield code="z">9789945074628: v.1</subfield>
  </datafield>
  <datafield tag="020" ind1=" " ind2=" ">
    <subfield code="z">9789945074680: v.2</subfield>
  </datafield>
  <datafield tag="020" ind1=" " ind2=" ">
    <subfield code="z">9789945074741: v.3</subfield>
  </datafield>
  <datafield tag="020" ind1=" " ind2=" ">
    <subfield code="z">9789945074826: v.4</subfield>
  </datafield>
  <datafield tag="020" ind1=" " ind2=" ">
    <subfield code="z">9789945074758: v.5</subfield>
  </datafield>
  <datafield tag="020" ind1=" " ind2=" ">
    <subfield code="z">9789945074651: v.6</subfield>
  </datafield>
  <datafield tag="040" ind1=" " ind2=" ">
    <subfield code="a">DO-SdBNP</subfield>
    <subfield code="b">spa</subfield>
    <subfield code="c">BNPHU</subfield>
    <subfield code="e">rda</subfield>
  </datafield>
  <datafield tag="041" ind1=" " ind2=" ">
    <subfield code="a">spa</subfield>
  </datafield>
  <datafield tag="082" ind1=" " ind2="4">
    <subfield code="a">972.93053</subfield>
    <subfield code="b">D554t</subfield>
    <subfield code="2">22</subfield>
  </datafield>
  <datafield tag="245" ind1="0" ind2="3">
    <subfield code="a">La dictadura de Trujillo :</subfield>
    <subfield code="b">documentos 1930-1939 /</subfield>
    <subfield code="c">editor, Eliades Acosta Matos.</subfield>
  </datafield>
  <datafield tag="264" ind1=" " ind2="4">
    <subfield code="a">Santo Domingo, Rep&#xFA;blica Dominicana :</subfield>
    <subfield code="b">Archivo General de la Naci&#xF3;n,</subfield>
    <subfield code="c">&#xA9;2013.</subfield>
  </datafield>
  <datafield tag="300" ind1=" " ind2=" ">
    <subfield code="a">vol&#xFA;menes ;</subfield>
    <subfield code="c">28 cm.</subfield>
  </datafield>
  <datafield tag="336" ind1=" " ind2=" ">
    <subfield code="a">texto</subfield>
    <subfield code="b">txt</subfield>
    <subfield code="2">rdacontent</subfield>
  </datafield>
  <datafield tag="337" ind1=" " ind2=" ">
    <subfield code="a">sin mediaci&#xF3;n</subfield>
    <subfield code="b">n</subfield>
    <subfield code="2">rdamedia</subfield>
  </datafield>
  <datafield tag="338" ind1=" " ind2=" ">
    <subfield code="a">volumen</subfield>
    <subfield code="b">nc</subfield>
    <subfield code="2">rdacarrier</subfield>
  </datafield>
  <datafield tag="490" ind1=" " ind2=" ">
    <subfield code="a">Archivo General de la Naci&#xF3;n ;</subfield>
    <subfield code="v">169, 172, 174, 180, 181, 183</subfield>
  </datafield>
  <datafield tag="500" ind1=" " ind2=" ">
    <subfield code="a">Incluye referencias bibliogr&#xE1;ficas y notas al pie de las p&#xE1;ginas</subfield>
  </datafield>
  <datafield tag="500" ind1=" " ind2=" ">
    <subfield code="a">Incluye datos biogr&#xE1;ficos del editor en las solapas</subfield>
  </datafield>
  <datafield tag="500" ind1=" " ind2=" ">
    <subfield code="a">Incluye &#xED;ndice</subfield>
  </datafield>
  <datafield tag="505" ind1="0" ind2=" ">
    <subfield code="a">v.1, t.2</subfield>
    <subfield code="t">1930-1939</subfield>
    <subfield code="g">v.2., t.3-4</subfield>
    <subfield code="t">1940-1949</subfield>
    <subfield code="g">v.3., t.5-6</subfield>
    <subfield code="t">1950-1961</subfield>
  </datafield>
  <datafield tag="505" ind1="0" ind2=" ">
    <subfield code="a">v.1., t.2 : 1930-1939 -- Pr&#xF3;logo -- (Gobierno y leyes ) La Ley contra la Vagancia, de 1930, y la represi&#xF3;n preventiva -- Exiguos presupuestos para la alimentaci&#xF3;n de los presos y las prisiones -- Acta reuni&#xF3;n sabatina de empleados p&#xFA;blicos, Azua, junio de 1938 -- Informe del Consejo Administrativo del Distrito de Santo Domingo, mayo de 1938 -- Partido Dominicano 1) Incidencia del Ej&#xE9;rcito nacional en la conformaci&#xF3;n del Partido Dominicano -- El caudillismo en el Partido Dominicano, un mal de origen -- El clientelismo pol&#xED;tico dentro del Partido Dominicano -- Control del Estado por el Partido Dominicano -- El adoctrinamiento y la propaganda, como misiones del Partido Dominicano -- Control interno del Partido Dominicano -- Control de &#xAB;las protestas y deslealtades&#xBB; contra Trujillo por parte del Partido Dominicano -- El Partido Dominicano como aparato represivo del r&#xE9;gimen -- Instrucci&#xF3;n p&#xFA;blica y Justicia 1) Arbitrariedad de las detenciones -- Causas que pod&#xED;an motivar detenciones -- La precariedad de las instituciones -- Venganza de Trujillo contra sus adversarios pol&#xED;ticos -- Dictadura de Trujillo -- Eliades Acosta Matos -- Hechos delictivos protagonizados por agentes del orden -- F&#xE9;rreo sistema de informaci&#xF3;n piramidal -- Denuncias -- Trabajos forzados de los presos en las propiedades particulares de Trujillo, y en otras obras -- La impunidad de los represores -- Un caso pasional pod&#xED;a convertirse en un delito de Estado -- Delitos de agravio a las instituciones -- La impunidad e inmunidad del clan Trujillo -- Persecuci&#xF3;n del contrabando -- Control sobre los conflictos laborales -- Una pedrada como s&#xED;mbolo de rebeld&#xED;a -- Trabajo esclavo de los presos -- Religi&#xF3;n e iglesias 1) Alianza de Trujillo con la jerarqu&#xED;a de la Iglesia Cat&#xF3;lica -- Ideolog&#xED;a y propaganda 1) Exaltaci&#xF3;n del hispano.</subfield>
  </datafield>
  <datafield tag="505" ind1="0" ind2=" ">
    <subfield code="a">v.2., t.3 : 1940-1949 -- Pr&#xF3;logo -- Ej&#xE9;rcito Nacional 1) Corrupci&#xF3;n en las filas del Ej&#xE9;rcito Nacional -- Insubordinaci&#xF3;n en las filas del Ej&#xE9;rcito Nacional -- Contabilidad de la Intendencia General del Ej&#xE9;rcito Nacional -- Racionamiento de gasolina -- Indisciplina en las filas del Ej&#xE9;rcito Nacional -- Delitos cometidos por miembros del Ej&#xE9;rcito Nacional -- Parcialidad e impunidad en la aplicaci&#xF3;n de la justicia militar -- Hallazgos de armas y explosivos en las costas -- Armas y asesores brasile&#xF1;os para la dictadura -- Sistema de patrullas del Ej&#xE9;rcito Nacional -- Planes de defensa del Ej&#xE9;rcito Nacional ante amenazas de invasi&#xF3;n desde el exterior del pa&#xED;s, despu&#xE9;s del intento expedicionario de Cayo Confites -- Control de la Embajada de los Estados Unidos en Rep&#xFA;blica Dominicana sobre el Ej&#xE9;rcito Nacional -- &#xD3;rganos represivos y control de la poblaci&#xF3;n 1) Uso abusivo e ilegal de la fuerza por las autoridades, para fines personales de lucro -- Letreros an&#xF3;nimos -- Control sobre los oficiales del Ej&#xE9;rcito Nacional -- An&#xF3;nimos, querellas y denuncias conformaban un clima de inseguridad y temor en la poblaci&#xF3;n -- Los &#xAB;servicios especiales&#xBB; del r&#xE9;gimen, dentro y fuera del pa&#xED;s -- Muerte &#xAB;accidental&#xBB; de un detenido, a manos de soldados -- Dictadura de Trujillo -- Eliades Acosta Matos --- Suspicacias exageradas y desmanes impunes -- Control de los hu&#xE9;spedes de los hoteles y de los clientes de restaurantes y otros sitios p&#xFA;blicos -- La vigilancia omnipresente sobre los ciudadanos y las mismas autoridades trujillistas. La desconfianza como norma -- Control de armas y regulaciones para la cacer&#xED;a -- Control sobre viajeros llegados al pa&#xED;s y prohibici&#xF3;n de retorno a extranjeros &#xAB;pol&#xED;ticamente indeseables&#xBB; -- Deportaciones internas: el caso de la familia Roca -- Control sobre armas, municiones.</subfield>
  </datafield>
  <datafield tag="505" ind1="0" ind2=" ">
    <subfield code="a">v.2., t.4 : 1940-1949 -- Cultura e instituciones culturales 1) La cultura form&#xF3; parte del &#xAB;Plan de Dominicanizaci&#xF3;n Fronteriza&#xBB; de Trujillo -- Subsidios a publicaciones propagand&#xED;sticas y cooptaci&#xF3;n de artistas y escritores: pilares de la pol&#xED;tica cultural del r&#xE9;gimen -- Culto a la personalidad 1) D&#xED;as de fiesta y duelos nacionales: la institucionalizaci&#xF3;n del culto a la personalidad -- Toda conmemoraci&#xF3;n p&#xFA;blica, acto escolar o ceremonia militar deb&#xED;a incluir loas al Jefe y su familia. Ni las misas escapaban a esta obligaci&#xF3;n -- El restablecimiento de la salud de Trujillo elevado al rango de gran suceso nacional -- La represi&#xF3;n de toda cr&#xED;tica: Trujillo era infalible e intocable -- Ideolog&#xED;a y propaganda 1) Significado nacionalista y patri&#xF3;tico otorgado a las efem&#xE9;rides del r&#xE9;gimen -- La exeg&#xE9;tica y la hagiograf&#xED;a trujillistas: variadas formas de imponer una ideolog&#xED;a -- Actos y conmemoraciones trujillistas, a todos los niveles, al son de las bandas de m&#xFA;sica del Ej&#xE9;rcito Nacional -- Eliades Acosta Matos 8 Partido Dominicano 1) Control del Partido Dominicano sobre la marcha de las elecciones, la conducta de sus cuadros, sus or&#xED;genes, sus expresiones, las relaciones de trabajo y pol&#xED;ticas, a cada nivel -- Control del Partido Dominicano sobre sospechosos, indiferentes y tibios pol&#xED;ticos -- Control del Partido Dominicano sobre las empresas privadas -- Intentos de control y guerra sucia del Partido Dominicano contra sindicatos obreros y otras agrupaciones pol&#xED;ticas, que no tardar&#xED;an en desaparecer -- El 10% del salario de todos los funcionarios p&#xFA;blicos para el Partido Dominicano -- Acciones en el exterior del Partido Dominicano -- Obras p&#xFA;blicas 1) &#xBF;C&#xF3;mo se financiaba y apoyaba una parte del programa de obras p&#xFA;blicas del r&#xE9;gimen? -- Correspondencias y solicitudes 1) Solicitudes de mapa tur&#xED;stico de la ciudad capital y permiso de salida .</subfield>
  </datafield>
  <datafield tag="505" ind1="0" ind2=" ">
    <subfield code="a">v.3., t.5. : 1950-1961 -- Guardia presidencial y ayudantes militares -- Criminalidad en las filas del Ej&#xE9;rcito Nacional -- Desprecio a la vida de los rasos -- Solicitudes y avales para entrar al Ej&#xE9;rcito Nacional -- Carrera militar de los elegidos y protegidos del r&#xE9;gimen -- Persecuci&#xF3;n en las filas del Ej&#xE9;rcito Nacional de familiares de "desafectos" al r&#xE9;gimen -- Cancelaciones en la Aviaci&#xF3;n Militar Dominicana -- El dictador intenta asegurar la lealtad de Rafael de la Maza, piloto militar -- Oferta de servicios militares de ciudadanos espa&#xF1;oles -- Ramfis forma su camarilla, y fortalece su entorno, hacia 1959 -- En julio de 1961, Ramfis pide la supresi&#xF3;n de la plaza de General&#xED;simo en el Ej&#xE9;rcito Nacional, tras el ajusticiamiento del tirano -- La desbandada y fuga del clan Trujillo y sus c&#xF3;mplices -- Ramfis intenta salvar el poder, nombrando a incondicionales no visiblemente comprometidas en los cr&#xED;menes -- A fines de 1961, se intenta dotar al Ej&#xE9;rcito trujillista represor de un nuevo rostro "democr&#xE1;tico," -- Dictadura de Trujillo, Eliades Acosta Matos -- &#xD3;rganos represivos y control de la poblaci&#xF3;n (1) Vigilancia sobre familiares de Juan Bosch y falsas acusaciones contra Pedro Germ&#xE1;n Ornes Severo, padre de Germ&#xE1;n Emilio y Horacio Julio Ornes Coiscou -- Indiscreciones de criminales y su probable castigo -- Vigilancia sobre funcionarios p&#xFA;blicos de Puerto Plata por "mantenerse siempre juntos", y detalles de otras conservaciones -- El Partido Dominicano como &#xF3;rgano represivo -- Represi&#xF3;n de todo lo relacionado con la Revoluci&#xF3;n cubana -- Letreros an&#xF3;nimos contra el r&#xE9;gimen: una forma de resistencia popular -- Vigilancia sobre esc&#xE1;ndalos y delitos cometidas por funcionarios p&#xFA;blicos -- El Partido Dominicano como instancia de control, y los informes confidenciales semanales de los S&#xED;ndicos -- La indiferencia.</subfield>
  </datafield>
  <datafield tag="505" ind1="0" ind2=" ">
    <subfield code="a">v.3., t. 6 : Pr&#xF3;logo -- Iglesias y religiones (1) Para garantizar la colaboraci&#xF3;n de la Iglesia Cat&#xF3;lica con su Gobierno, Trujillo efectu&#xF3; numerosos donativos a la misma, construyendo templos y dotando a sus planteles de material escolar -- Las buenas relaciones de Trujillo con la Iglesia no garantizaban que los p&#xE1;rrocos no fuesen espiados -- Conferencia en el Instituto Trujilloniano -- Cultura e Instituciones culturales (1) Instituto Dominicano de Cultura Hisp&#xE1;nica -- Academia Dominicana de la Historia -- Academia Dominicana de la Lengua -- Academia de Ciencias Morales y Pol&#xED;ticas -- Ateneo Dominicano -- Libros y bibliotecas -- Culto a la personalidad (,Misas, Te Deum y paradas militares para glorificar al tirano y a su familia -- Eliades Acosta Matos , Madres y mujeres; blancos de la propaganda trujillista -- Arcos de triunfo, bustos y otros monumentos -- Normativas para ofrendas florales -- Conferencias y apolog&#xED;a -- Condecoraciones a cambio de fanatismo ciego -- M&#xFA;sica, libros y fotograf&#xED;as para incentivar el culto a la personalidad -- Ideolog&#xED;a y propaganda (1) Nombramientos del personal que formaba parte del aparato propagand&#xED;stico y de direcci&#xF3;n del Partido Dominicano -- El Instituto Trujilloniano: nueva etapa en el trabajo de propaganda -- El sistema propagand&#xED;stico e ideol&#xF3;gico del Partido Dominicano -- Sistema de conferencias y publicaciones del Partido Dominicano -- Control ideol&#xF3;gico del Partido Dominicano -- Partidos Dominicanos , Locales propios y alquiler de locales donde radicaba el Partido Dominicano -- Nombramiento de empleados y funcionarios del Partido Dominicano -- &#xD3;rdenes de servicio del Partido Dominicano -- Controles internos del Partido Dominicano -- Controles externos del Partido Dominicano -- Controles financieros del Partido Dominicano -- Subjuntas del Partido Dominicano.</subfield>
  </datafield>
  <datafield tag="590" ind1=" " ind2=" ">
    <subfield code="a">Inventariado, 2023/BT</subfield>
  </datafield>
  <datafield tag="600" ind1="1" ind2="0">
    <subfield code="a">Trujillo Molina, Rafael Le&#xF3;nidas,</subfield>
    <subfield code="d"> 1891-1961</subfield>
    <subfield code="9">76764</subfield>
  </datafield>
  <datafield tag="651" ind1=" " ind2="4">
    <subfield code="a">Rep&#xFA;blica Dominicana</subfield>
    <subfield code="x">Pol&#xED;tica y gobierno</subfield>
    <subfield code="y">1930-1961</subfield>
    <subfield code="9">479</subfield>
  </datafield>
  <datafield tag="700" ind1="1" ind2=" ">
    <subfield code="a">Acosta Matos, Eliades,</subfield>
    <subfield code="d">1959-</subfield>
    <subfield code="e">editor</subfield>
    <subfield code="4">ed.</subfield>
    <subfield code="9">74479</subfield>
  </datafield>
  <datafield tag="910" ind1=" " ind2=" ">
    <subfield code="a">Validado. control de calidad MFF</subfield>
  </datafield>
  <datafield tag="942" ind1=" " ind2=" ">
    <subfield code="2">ddc</subfield>
    <subfield code="c">LBS1</subfield>
  </datafield>
  <datafield tag="952" ind1=" " ind2=" ">
    <subfield code="0">0</subfield>
    <subfield code="1">0</subfield>
    <subfield code="2">ddc</subfield>
    <subfield code="5">6</subfield>
    <subfield code="7">0</subfield>
    <subfield code="8">DS</subfield>
    <subfield code="a">BNPHU</subfield>
    <subfield code="b">BNPHU</subfield>
    <subfield code="c">HD</subfield>
    <subfield code="d">2013-11-15</subfield>
    <subfield code="o">BNPHU DS 972.93053 D554t</subfield>
    <subfield code="p">37888-120</subfield>
    <subfield code="r">2020-06-25</subfield>
    <subfield code="t">v.2, t.3, e.3</subfield>
    <subfield code="w">2020-06-25</subfield>
    <subfield code="y">LBS1</subfield>
  </datafield>
  <datafield tag="952" ind1=" " ind2=" ">
    <subfield code="0">0</subfield>
    <subfield code="1">0</subfield>
    <subfield code="2">ddc</subfield>
    <subfield code="5">6</subfield>
    <subfield code="7">0</subfield>
    <subfield code="8">DS</subfield>
    <subfield code="a">BNPHU</subfield>
    <subfield code="b">BNPHU</subfield>
    <subfield code="c">HD</subfield>
    <subfield code="d">2013-11-15</subfield>
    <subfield code="o">BNPHU DS 972.93053 D554t</subfield>
    <subfield code="p">37888-130</subfield>
    <subfield code="r">2020-06-25</subfield>
    <subfield code="t">v.2, t.3, e.4</subfield>
    <subfield code="w">2020-06-25</subfield>
    <subfield code="y">LBS1</subfield>
  </datafield>
  <datafield tag="952" ind1=" " ind2=" ">
    <subfield code="0">0</subfield>
    <subfield code="1">0</subfield>
    <subfield code="2">ddc</subfield>
    <subfield code="5">1</subfield>
    <subfield code="7">0</subfield>
    <subfield code="8">PD</subfield>
    <subfield code="a">BNPHU</subfield>
    <subfield code="b">BNPHU</subfield>
    <subfield code="c">HD</subfield>
    <subfield code="d">2013-11-15</subfield>
    <subfield code="o">BNPHU PD 972.93053 D554t</subfield>
    <subfield code="p">37888-150</subfield>
    <subfield code="r">2020-06-25</subfield>
    <subfield code="t">v.2, t.4, e.2</subfield>
    <subfield code="w">2020-06-25</subfield>
    <subfield code="y">LBS1</subfield>
  </datafield>
  <datafield tag="952" ind1=" " ind2=" ">
    <subfield code="0">0</subfield>
    <subfield code="1">0</subfield>
    <subfield code="2">ddc</subfield>
    <subfield code="5">6</subfield>
    <subfield code="7">0</subfield>
    <subfield code="8">DS</subfield>
    <subfield code="a">BNPHU</subfield>
    <subfield code="b">BNPHU</subfield>
    <subfield code="c">HD</subfield>
    <subfield code="d">2013-11-15</subfield>
    <subfield code="o">BNPHU DS 972.93053 D554t</subfield>
    <subfield code="p">37888-160</subfield>
    <subfield code="r">2020-06-25</subfield>
    <subfield code="t">v.2, t.4, e.3</subfield>
    <subfield code="w">2020-06-25</subfield>
    <subfield code="y">LBS1</subfield>
  </datafield>
  <datafield tag="952" ind1=" " ind2=" ">
    <subfield code="0">0</subfield>
    <subfield code="1">0</subfield>
    <subfield code="2">ddc</subfield>
    <subfield code="5">1</subfield>
    <subfield code="7">0</subfield>
    <subfield code="8">PD</subfield>
    <subfield code="a">BNPHU</subfield>
    <subfield code="b">BNPHU</subfield>
    <subfield code="c">HD</subfield>
    <subfield code="d">2013-11-20</subfield>
    <subfield code="o">BNPHU PD 972.93053 D554t</subfield>
    <subfield code="p">37888-190</subfield>
    <subfield code="r">2020-06-25</subfield>
    <subfield code="t">v.3, t.5</subfield>
    <subfield code="w">2020-06-25</subfield>
    <subfield code="y">LBS1</subfield>
  </datafield>
  <datafield tag="952" ind1=" " ind2=" ">
    <subfield code="0">0</subfield>
    <subfield code="1">0</subfield>
    <subfield code="2">ddc</subfield>
    <subfield code="5">1</subfield>
    <subfield code="7">0</subfield>
    <subfield code="8">PD</subfield>
    <subfield code="a">BNPHU</subfield>
    <subfield code="b">BNPHU</subfield>
    <subfield code="c">HD</subfield>
    <subfield code="d">2013-11-20</subfield>
    <subfield code="o">BNPHU PD 972.93053 D554t</subfield>
    <subfield code="p">37888-200</subfield>
    <subfield code="r">2020-06-25</subfield>
    <subfield code="t">v.3, t.5, e.2</subfield>
    <subfield code="w">2020-06-25</subfield>
    <subfield code="y">LBS1</subfield>
  </datafield>
  <datafield tag="952" ind1=" " ind2=" ">
    <subfield code="0">0</subfield>
    <subfield code="1">0</subfield>
    <subfield code="2">ddc</subfield>
    <subfield code="5">1</subfield>
    <subfield code="7">0</subfield>
    <subfield code="8">PD</subfield>
    <subfield code="a">BNPHU</subfield>
    <subfield code="b">BNPHU</subfield>
    <subfield code="c">HD</subfield>
    <subfield code="d">2013-11-20</subfield>
    <subfield code="o">BNPHU PD 972.93053 D554t</subfield>
    <subfield code="p">37888-230</subfield>
    <subfield code="r">2020-06-25</subfield>
    <subfield code="t">v.3, t.6</subfield>
    <subfield code="w">2020-06-25</subfield>
    <subfield code="y">LBS1</subfield>
  </datafield>
  <datafield tag="952" ind1=" " ind2=" ">
    <subfield code="0">0</subfield>
    <subfield code="1">0</subfield>
    <subfield code="2">ddc</subfield>
    <subfield code="5">6</subfield>
    <subfield code="7">0</subfield>
    <subfield code="8">DS</subfield>
    <subfield code="a">BNPHU</subfield>
    <subfield code="b">BNPHU</subfield>
    <subfield code="c">HD</subfield>
    <subfield code="d">2013-11-20</subfield>
    <subfield code="o">BNPHU DS 972.93053 D554t</subfield>
    <subfield code="p">37888-240</subfield>
    <subfield code="r">2020-06-25</subfield>
    <subfield code="t">v.3, t.6, e.3</subfield>
    <subfield code="w">2020-06-25</subfield>
    <subfield code="y">LBS1</subfield>
  </datafield>
  <datafield tag="952" ind1=" " ind2=" ">
    <subfield code="0">0</subfield>
    <subfield code="1">0</subfield>
    <subfield code="2">ddc</subfield>
    <subfield code="5">6</subfield>
    <subfield code="7">0</subfield>
    <subfield code="8">DS</subfield>
    <subfield code="a">BNPHU</subfield>
    <subfield code="b">BNPHU</subfield>
    <subfield code="c">HD</subfield>
    <subfield code="d">2013-03-08</subfield>
    <subfield code="o">BNPHU DS 972.93053 D554t</subfield>
    <subfield code="p">37888-30</subfield>
    <subfield code="r">2020-06-25</subfield>
    <subfield code="t">v.1, t.1, e. 3</subfield>
    <subfield code="w">2020-06-25</subfield>
    <subfield code="y">LBS1</subfield>
  </datafield>
  <datafield tag="952" ind1=" " ind2=" ">
    <subfield code="0">0</subfield>
    <subfield code="1">0</subfield>
    <subfield code="2">ddc</subfield>
    <subfield code="5">6</subfield>
    <subfield code="7">0</subfield>
    <subfield code="8">DS</subfield>
    <subfield code="a">BNPHU</subfield>
    <subfield code="b">BNPHU</subfield>
    <subfield code="c">HD</subfield>
    <subfield code="d">2013-03-08</subfield>
    <subfield code="o">BNPHU DS 972.93053 D554t</subfield>
    <subfield code="p">37888-40</subfield>
    <subfield code="r">2020-06-25</subfield>
    <subfield code="t">v.1 , t.1, e. 4</subfield>
    <subfield code="w">2020-06-25</subfield>
    <subfield code="y">LBS1</subfield>
  </datafield>
  <datafield tag="952" ind1=" " ind2=" ">
    <subfield code="0">0</subfield>
    <subfield code="1">0</subfield>
    <subfield code="2">ddc</subfield>
    <subfield code="5">6</subfield>
    <subfield code="7">0</subfield>
    <subfield code="8">DS</subfield>
    <subfield code="a">BNPHU</subfield>
    <subfield code="b">BNPHU</subfield>
    <subfield code="c">HD</subfield>
    <subfield code="d">2013-06-13</subfield>
    <subfield code="o">BNPHU DS 972.93053 D554t</subfield>
    <subfield code="p">37888-80</subfield>
    <subfield code="r">2020-06-25</subfield>
    <subfield code="t">v.1, t.2, e.3</subfield>
    <subfield code="w">2020-06-25</subfield>
    <subfield code="y">LBS1</subfield>
  </datafield>
  <datafield tag="952" ind1=" " ind2=" ">
    <subfield code="0">0</subfield>
    <subfield code="1">0</subfield>
    <subfield code="2">ddc</subfield>
    <subfield code="5">6</subfield>
    <subfield code="7">0</subfield>
    <subfield code="8">DS</subfield>
    <subfield code="a">BNPHU</subfield>
    <subfield code="b">BNPHU</subfield>
    <subfield code="c">HD</subfield>
    <subfield code="d">2013-06-13</subfield>
    <subfield code="o">BNPHU DS 972.93053 D554t</subfield>
    <subfield code="p">37888-90</subfield>
    <subfield code="r">2020-06-25</subfield>
    <subfield code="t">v.1, t.2, e.4</subfield>
    <subfield code="w">2020-06-25</subfield>
    <subfield code="y">LBS1</subfield>
  </datafield>
  <datafield tag="952" ind1=" " ind2=" ">
    <subfield code="0">0</subfield>
    <subfield code="1">0</subfield>
    <subfield code="2">ddc</subfield>
    <subfield code="5">1</subfield>
    <subfield code="7">0</subfield>
    <subfield code="8">PD</subfield>
    <subfield code="a">BNPHU</subfield>
    <subfield code="b">BNPHU</subfield>
    <subfield code="c">HD</subfield>
    <subfield code="d">2013-03-08</subfield>
    <subfield code="o">BNPHU PD 972.93053 D554t</subfield>
    <subfield code="p">37888-10</subfield>
    <subfield code="r">2020-06-25</subfield>
    <subfield code="t">v. 1, t.1</subfield>
    <subfield code="w">2020-06-25</subfield>
    <subfield code="y">LBS1</subfield>
  </datafield>
  <datafield tag="952" ind1=" " ind2=" ">
    <subfield code="0">0</subfield>
    <subfield code="1">0</subfield>
    <subfield code="2">ddc</subfield>
    <subfield code="5">1</subfield>
    <subfield code="7">0</subfield>
    <subfield code="8">PD</subfield>
    <subfield code="a">BNPHU</subfield>
    <subfield code="b">BNPHU</subfield>
    <subfield code="c">HD</subfield>
    <subfield code="d">2013-11-15</subfield>
    <subfield code="o">BNPHU PD 972.93053 D554t</subfield>
    <subfield code="p">37888-100</subfield>
    <subfield code="r">2020-06-25</subfield>
    <subfield code="t">v.2, t.3</subfield>
    <subfield code="w">2020-06-25</subfield>
    <subfield code="y">LBS1</subfield>
  </datafield>
  <datafield tag="952" ind1=" " ind2=" ">
    <subfield code="0">0</subfield>
    <subfield code="1">0</subfield>
    <subfield code="2">ddc</subfield>
    <subfield code="5">1</subfield>
    <subfield code="7">0</subfield>
    <subfield code="8">PD</subfield>
    <subfield code="a">BNPHU</subfield>
    <subfield code="b">BNPHU</subfield>
    <subfield code="c">HD</subfield>
    <subfield code="d">2013-11-15</subfield>
    <subfield code="o">BNPHU PD 972.93053 D554t</subfield>
    <subfield code="p">37888-110</subfield>
    <subfield code="r">2020-06-25</subfield>
    <subfield code="t">v.2, t.3, e.2</subfield>
    <subfield code="w">2020-06-25</subfield>
    <subfield code="y">LBS1</subfield>
  </datafield>
  <datafield tag="952" ind1=" " ind2=" ">
    <subfield code="0">0</subfield>
    <subfield code="1">0</subfield>
    <subfield code="2">ddc</subfield>
    <subfield code="5">1</subfield>
    <subfield code="7">0</subfield>
    <subfield code="8">PD</subfield>
    <subfield code="a">BNPHU</subfield>
    <subfield code="b">BNPHU</subfield>
    <subfield code="c">HD</subfield>
    <subfield code="d">2013-11-15</subfield>
    <subfield code="o">BNPHU PD 972.93053 D554t</subfield>
    <subfield code="p">37888-140</subfield>
    <subfield code="r">2020-06-25</subfield>
    <subfield code="t">v.2, t.4</subfield>
    <subfield code="w">2020-06-25</subfield>
    <subfield code="y">LBS1</subfield>
  </datafield>
  <datafield tag="952" ind1=" " ind2=" ">
    <subfield code="0">0</subfield>
    <subfield code="1">0</subfield>
    <subfield code="2">ddc</subfield>
    <subfield code="5">6</subfield>
    <subfield code="7">0</subfield>
    <subfield code="8">DS</subfield>
    <subfield code="a">BNPHU</subfield>
    <subfield code="b">BNPHU</subfield>
    <subfield code="c">HD</subfield>
    <subfield code="d">2013-11-15</subfield>
    <subfield code="o">BNPHU DS 972.93053 D554t</subfield>
    <subfield code="p">37888-170</subfield>
    <subfield code="r">2020-06-25</subfield>
    <subfield code="t">v.2, t.4, e.4</subfield>
    <subfield code="w">2020-06-25</subfield>
    <subfield code="y">LBS1</subfield>
  </datafield>
  <datafield tag="952" ind1=" " ind2=" ">
    <subfield code="0">0</subfield>
    <subfield code="1">0</subfield>
    <subfield code="2">ddc</subfield>
    <subfield code="5">1</subfield>
    <subfield code="7">0</subfield>
    <subfield code="8">DS</subfield>
    <subfield code="a">BNPHU</subfield>
    <subfield code="b">BNPHU</subfield>
    <subfield code="c">HD</subfield>
    <subfield code="d">2013-11-20</subfield>
    <subfield code="o">BNPHU DS 972.93053 D554t</subfield>
    <subfield code="p">37888-180</subfield>
    <subfield code="r">2020-06-25</subfield>
    <subfield code="t">v.2, t.4, e.5</subfield>
    <subfield code="w">2020-06-25</subfield>
    <subfield code="y">LBS1</subfield>
  </datafield>
  <datafield tag="952" ind1=" " ind2=" ">
    <subfield code="0">0</subfield>
    <subfield code="1">0</subfield>
    <subfield code="2">ddc</subfield>
    <subfield code="5">1</subfield>
    <subfield code="7">0</subfield>
    <subfield code="8">PD</subfield>
    <subfield code="a">BNPHU</subfield>
    <subfield code="b">BNPHU</subfield>
    <subfield code="c">HD</subfield>
    <subfield code="d">2013-03-08</subfield>
    <subfield code="o">BNPHU PD 972.93053 D554t</subfield>
    <subfield code="p">37888-20</subfield>
    <subfield code="r">2020-06-25</subfield>
    <subfield code="t">v.1, t.1, e. 2</subfield>
    <subfield code="w">2020-06-25</subfield>
    <subfield code="y">LBS1</subfield>
  </datafield>
  <datafield tag="952" ind1=" " ind2=" ">
    <subfield code="0">0</subfield>
    <subfield code="1">0</subfield>
    <subfield code="2">ddc</subfield>
    <subfield code="5">6</subfield>
    <subfield code="7">0</subfield>
    <subfield code="8">DS</subfield>
    <subfield code="a">BNPHU</subfield>
    <subfield code="b">BNPHU</subfield>
    <subfield code="c">HD</subfield>
    <subfield code="d">2013-11-20</subfield>
    <subfield code="o">BNPHU DS 972.93053 D554t</subfield>
    <subfield code="p">37888-210</subfield>
    <subfield code="r">2020-06-25</subfield>
    <subfield code="t">v.3, t.5, e.3</subfield>
    <subfield code="w">2020-06-25</subfield>
    <subfield code="y">LBS1</subfield>
  </datafield>
  <datafield tag="952" ind1=" " ind2=" ">
    <subfield code="0">0</subfield>
    <subfield code="1">0</subfield>
    <subfield code="2">ddc</subfield>
    <subfield code="5">6</subfield>
    <subfield code="7">0</subfield>
    <subfield code="8">DS</subfield>
    <subfield code="a">BNPHU</subfield>
    <subfield code="b">BNPHU</subfield>
    <subfield code="c">HD</subfield>
    <subfield code="d">2013-11-20</subfield>
    <subfield code="o">BNPHU DS 972.93053 D554t</subfield>
    <subfield code="p">37888-220</subfield>
    <subfield code="r">2020-06-25</subfield>
    <subfield code="t">v.3, t.5, e.4</subfield>
    <subfield code="w">2020-06-25</subfield>
    <subfield code="y">LBS1</subfield>
  </datafield>
  <datafield tag="952" ind1=" " ind2=" ">
    <subfield code="0">0</subfield>
    <subfield code="1">0</subfield>
    <subfield code="2">ddc</subfield>
    <subfield code="5">6</subfield>
    <subfield code="7">0</subfield>
    <subfield code="8">DS</subfield>
    <subfield code="a">BNPHU</subfield>
    <subfield code="b">BNPHU</subfield>
    <subfield code="c">HD</subfield>
    <subfield code="d">2019-05-29</subfield>
    <subfield code="o">BNPHU DS 972.93053 D554t</subfield>
    <subfield code="p">37888-250</subfield>
    <subfield code="r">2020-06-25</subfield>
    <subfield code="t">v.3, t.6, e.3</subfield>
    <subfield code="w">2020-06-25</subfield>
    <subfield code="y">LBS1</subfield>
  </datafield>
  <datafield tag="952" ind1=" " ind2=" ">
    <subfield code="0">0</subfield>
    <subfield code="1">0</subfield>
    <subfield code="2">ddc</subfield>
    <subfield code="5">1</subfield>
    <subfield code="7">0</subfield>
    <subfield code="8">PD</subfield>
    <subfield code="a">BNPHU</subfield>
    <subfield code="b">BNPHU</subfield>
    <subfield code="c">HD</subfield>
    <subfield code="d">2013-03-08</subfield>
    <subfield code="o">BNPHU PD 972.93053 D554t</subfield>
    <subfield code="p">37888-50</subfield>
    <subfield code="r">2020-06-25</subfield>
    <subfield code="t">v. 1, t. 2</subfield>
    <subfield code="w">2020-06-25</subfield>
    <subfield code="y">LBS1</subfield>
  </datafield>
  <datafield tag="952" ind1=" " ind2=" ">
    <subfield code="0">0</subfield>
    <subfield code="1">0</subfield>
    <subfield code="2">ddc</subfield>
    <subfield code="5">1</subfield>
    <subfield code="7">0</subfield>
    <subfield code="8">PD</subfield>
    <subfield code="a">BNPHU</subfield>
    <subfield code="b">BNPHU</subfield>
    <subfield code="c">HD</subfield>
    <subfield code="d">2013-06-13</subfield>
    <subfield code="o">BNPHU PD 972.93053 D554t</subfield>
    <subfield code="p">37888-70</subfield>
    <subfield code="r">2020-06-25</subfield>
    <subfield code="t">v.1, t.2, e.2</subfield>
    <subfield code="w">2020-06-25</subfield>
    <subfield code="y">LBS1</subfield>
  </datafield>
  <datafield tag="952" ind1=" " ind2=" ">
    <subfield code="0">0</subfield>
    <subfield code="1">0</subfield>
    <subfield code="2">ddc</subfield>
    <subfield code="5">6</subfield>
    <subfield code="7">0</subfield>
    <subfield code="8">DS</subfield>
    <subfield code="a">BNPHU</subfield>
    <subfield code="b">BNPHU</subfield>
    <subfield code="c">HD</subfield>
    <subfield code="d">2013-11-20</subfield>
    <subfield code="l">0</subfield>
    <subfield code="o">BNPHU DS 972.93053 D554t</subfield>
    <subfield code="r">2023-02-22</subfield>
    <subfield code="t">v.3, t.5, e.3</subfield>
    <subfield code="w">2020-06-25</subfield>
    <subfield code="y">LBS1</subfield>
  </datafield>
  <datafield tag="952" ind1=" " ind2=" ">
    <subfield code="0">0</subfield>
    <subfield code="1">0</subfield>
    <subfield code="2">ddc</subfield>
    <subfield code="5">1</subfield>
    <subfield code="7">0</subfield>
    <subfield code="8">PD</subfield>
    <subfield code="a">BNPHU</subfield>
    <subfield code="b">BNPHU</subfield>
    <subfield code="c">HD</subfield>
    <subfield code="d">2023-02-22</subfield>
    <subfield code="e">Donaci&#xF3;n</subfield>
    <subfield code="l">0</subfield>
    <subfield code="o">BNPHU PD 972.93053 D554t</subfield>
    <subfield code="p">2023-1058</subfield>
    <subfield code="r">2023-02-22</subfield>
    <subfield code="t">v.2, t.1</subfield>
    <subfield code="w">2023-02-22</subfield>
    <subfield code="y">LBS1</subfield>
  </datafield>
  <datafield tag="952" ind1=" " ind2=" ">
    <subfield code="0">0</subfield>
    <subfield code="1">0</subfield>
    <subfield code="2">ddc</subfield>
    <subfield code="5">1</subfield>
    <subfield code="7">0</subfield>
    <subfield code="8">PD</subfield>
    <subfield code="a">BNPHU</subfield>
    <subfield code="b">BNPHU</subfield>
    <subfield code="c">HD</subfield>
    <subfield code="d">2025-03-11</subfield>
    <subfield code="e">Donado por el Archivo General de la Naci&#xF3;n</subfield>
    <subfield code="l">0</subfield>
    <subfield code="o">BNPHU PD 972.93053 D554t</subfield>
    <subfield code="p">2025-1656</subfield>
    <subfield code="r">2025-03-11</subfield>
    <subfield code="t">v.4, t.2</subfield>
    <subfield code="w">2025-03-11</subfield>
    <subfield code="y">LBS1</subfield>
  </datafield>
  <datafield tag="999" ind1=" " ind2=" ">
    <subfield code="c">37378</subfield>
    <subfield code="d">37378</subfield>
  </datafield>
</record>
